<?xml version="1.0" encoding="UTF-8"?>
<marc:record xmlns:marc="http://www.loc.gov/MARC21/slim">
   <marc:leader>00000nam a2200000 a 4500</marc:leader>
   <marc:datafield ind1="1" ind2=" " tag="100">
      <marc:subfield code="a">Campino</marc:subfield>
      <marc:subfield code="4">aut</marc:subfield>
      <marc:subfield code="e">Verfasser/-in</marc:subfield>
   </marc:datafield>
   <marc:datafield ind1=" " ind2=" " tag="653">
      <marc:subfield code="a">Campino</marc:subfield>
   </marc:datafield>
   <marc:datafield ind1=" " ind2=" " tag="653">
      <marc:subfield code="a">FC Liverpool</marc:subfield>
   </marc:datafield>
   <marc:datafield ind1="0" ind2="0" tag="245">
      <marc:subfield code="a">Hope Street</marc:subfield>
   </marc:datafield>
   <marc:datafield ind1="0" ind2="0" tag="245">
      <marc:subfield code="b">wie ich einmal englischer Meister wurde</marc:subfield>
   </marc:datafield>
   <marc:datafield ind1="0" ind2="0" tag="245">
      <marc:subfield code="c">Campino</marc:subfield>
   </marc:datafield>
   <marc:datafield ind1=" " ind2="1" tag="264">
      <marc:subfield code="a">München</marc:subfield>
      <marc:subfield code="b">Piper Verlag GmbH</marc:subfield>
      <marc:subfield code="c">2020</marc:subfield>
   </marc:datafield>
   <marc:datafield ind1=" " ind2=" " tag="250">
      <marc:subfield code="a">1. Auflage</marc:subfield>
   </marc:datafield>
   <marc:datafield ind1="1" ind2=" " tag="520">
      <marc:subfield code="a">Er ist einer der populärsten Musiker Deutschlands. Aber das ist nur die halbe Geschichte. Die andere Hälfte fängt mit Kevin Keegan an, dem englischen Stürmer mit den wilden Locken. Der wurde in den 70ern zu Campinos großem Idol: Als zehnjährigem Sohn einer englischen Mutter und eines Richters aus Düsseldorf war ihm dieser Keegan Erlösung und Vorbild zugleich &#x96; ein cooler Engländer, der ihm zeigte, auf welcher Seite er zu stehen hatte. Seitdem verbinden sich in der Entscheidung für den besten Fußballverein der Welt die ganze Widersprüchlichkeit seiner Herkunft und die Liebe zu einem Land, das irgendwo zwischen Beatles und Brexit steht. &#x96; Von alldem, seiner Familie und der rasenden Leidenschaft zum Liverpool FC erzählt Campino in diesem Buch.</marc:subfield>
   </marc:datafield>
   <marc:datafield ind1=" " ind2=" " tag="020">
      <marc:subfield code="a">9783492070508</marc:subfield>
      <marc:subfield code="9">9783492070508</marc:subfield>
   </marc:datafield>
   <marc:datafield ind1=" " ind2=" " tag="020">
      <marc:subfield code="a">3492070507</marc:subfield>
      <marc:subfield code="9">3492070507</marc:subfield>
   </marc:datafield>
   <marc:datafield ind1="3" ind2=" " tag="024">
      <marc:subfield code="a">9783492070508</marc:subfield>
   </marc:datafield>
   <marc:datafield ind1="0" ind2=" " tag="490">
      <marc:subfield code="v">0</marc:subfield>
   </marc:datafield>
   <marc:datafield ind1=" " ind2=" " tag="300">
      <marc:subfield code="a">355 Seiten : 2 Illustrationen</marc:subfield>
   </marc:datafield>
</marc:record>
